| 000 | 01284nam a22002057a 4500 | ||
|---|---|---|---|
| 999 |
_c8320 _d8320 |
||
| 020 | _a9781473773899 | ||
| 050 |
_aHD62.7 _b.St6 |
||
| 100 | _aStokes, David | ||
| 245 |
_aSmall business management and entrepreneurship _cDavid Stokes & Nick Wilson |
||
| 260 |
_aAustralia, _bCengage Learning _c2021 |
||
| 300 |
_axv, 509p.: _bill. _c24cm. |
||
| 500 | _aincludes index. | ||
| 505 | _aPart 1: Understanding small business and entrepreneurship 1. Small business in the economy 2. Entrepreneurship, the entrepreneur and the owner-manager 3. The small business and entrepreneurial environment 4. Innovation and the marketplace 5. Information and help Part 2: Creating the entrepreneurial small business 6. Business planning 7. Successful small business strategies 8. Start-ups and franchises 9. Buying an existing business 10. Forming and protecting a business Part 3: Managing the entrepreneurial small business 11. Management of people and resources 12. Marketing 13. Money matters for small business 14. Business exits and realizing value | ||
| 650 | _aEntrepreneurship | ||
| 650 | _aNew business enterprises Management | ||
| 650 | _a Nouvelles entreprises Gestion | ||
| 650 | _aPetites et moyennes entreprises Gestion | ||
| 700 | _aNick Wilson | ||
| 942 | _cBK | ||